000 00309nam a22001337a 4500
008 170915b xxu||||| |||| 00| 0 eng d
020 _a9781880559895
041 _aeng
080 _a7
100 _a44
101 _aART
245 _aAMERICAN INSTITUTE OF GRAPHIC ARTS
_cCRAWFORD.T
942 _2udc
_cBK
999 _c27813
_d27813